Los incentivos fiscales del sector turismo y su efecto en el desarrollo economico y social de los propietarios de las medianas y pequeñas empresas del municipio de concepcion de Ataco, departamento de Ahuachapan en el perido de julio de a diciembre del 2011 (Registro nro. 10211)

Detalles MARC
000 -LEADER
fixed length control field 00898nam a2200205Ia 4500
005 - FECHA Y HORA DE LA ÚLTIMA TRANSACCIÓN
control field 20231218085218.0
008 - FIXED-LENGTH DATA ELEMENTS--GENERAL INFORMATION
fixed length control field 231216s9999 xx 000 0 und d
040 ## - CATALOGING SOURCE
Original cataloging agency UPAN
Transcribing agency Biblioteca San Vicente
Description conventions RCAA2
041 ## - LANGUAGE CODE
Language code of text/sound track or separate title spa
082 ## - DEWEY DECIMAL CLASSIFICATION NUMBER
Classification number 338.479 1
Item number Ava
año de publicación 2012
100 ## - MAIN ENTRY--PERSONAL NAME
Personal name Avalos Santillana, José Roberto
245 #0 - TITLE STATEMENT
Title Los incentivos fiscales del sector turismo y su efecto en el desarrollo economico y social de los propietarios de las medianas y pequeñas empresas del municipio de concepcion de Ataco, departamento de Ahuachapan en el perido de julio de a diciembre del 2011
260 ## - PUBLICATION, DISTRIBUTION, ETC. (IMPRINT)
Place of publication, distribution, etc Ahuachapán:
Name of publisher, distributor, etc Universidad Panamericana,
Date of publication, distribution, etc 2012
300 ## - PHYSICAL DESCRIPTION
Extent 142 p.;
Dimensions 28 cm.
650 ## - SUBJECT ADDED ENTRY--TOPICAL TERM
Source of heading or term LEMB
Topical term or geographic name as entry element Turismo
General subdivision Impuestos
700 ## - ADDED ENTRY--PERSONAL NAME
Personal name Avalos Aristondo, Alvarado Enrique
Relator code aut.
700 ## - ADDED ENTRY--PERSONAL NAME
Personal name Menendez Cortez, Rudy Atilio
Relator code aut.
700 ## - ADDED ENTRY--PERSONAL NAME
Personal name Magaña Sandoval, Yeni Carolina
Relator code aut.
942 ## - ADDED ENTRY ELEMENTS (KOHA)
Koha item type Libros
Source of classification or shelving scheme Dewey Decimal Classification
Existencias
Withdrawn status Lost status Source of classification or shelving scheme Damaged status Not for loan Collection code Home library Current library Date acquired Total Checkouts Full call number Barcode Date last seen Copy number Price effective from Koha item type
    Dewey Decimal Classification     Tesario Biblioteca UPAN San Vicente Biblioteca UPAN San Vicente 17/12/2023   338.479 1 Ava 12101084 17/12/2023 01 17/12/2023 Trabajos de Grado